000 00748nam a2200229Ii 4500
003 JO-AjNU
008 230605s9999||||xx |||||||||||||| ||und||
017 _a2004/10/2629
020 _a9957-05-115-6
040 _aJO-AjNU
_bara
_erda
_cJO-AjNU
041 _aara
050 1 4 _aGV181. 2005
100 3 _aمحمود، معروف رفيق,
_eauthor
_915910
245 0 0 _aالغاز ومسابقات إذاعية أذيعت من إذاعة قطر بمناسبات رمضانية مباركة
250 _aط1
264 3 1 _aعمان: دار الضياء، 2005
300 _a132ص
336 _atext
_btxt
_2rdacontent
337 _aunmediated
_bn
_2rdamedia
338 _avolume
_bnc
_2rdacarrier
650 4 _aالغاز-اذاعة قطر
_915911
999 _aA4601
_c8169
_d8169